01857 2200313 4500001002100000005001500021035002000036007000300056008004100059020001800100082001100118084001700129100003100146245011700177250001700294700003300311700002700344700002900371336002100400337003000421338002300451264003100474300004700505740005100552650003200603650001500635520087600650990001701526INLIS00000000150483020260619040223 a0010-0626000025ta260619 g 0 ind  a979-8034-50-3 a630.72 a630.72 DIL i0 aDillon, John L.ePengarang1 aIlmu Usahatani dan penelitian untuk pengembangan petani kecil /cJohn L. Dillon, J. Brian Hardaker ; penerjemah, aCet. 3, 20170 aJ. Brian HardakerePengarang0 aSoekartawiePenerjemah0 aA. Soeharjo,ePenerjemah 2rdacontentateks 2rdamediaatanpa perantara 2rdacarrieravolume aJakarta :bUI-Press,c1986 axxiii, 253 halaman. :bilustrasi ;c24 cm. aFarm management research for small development 4aPertanian — Aspek Ekonomi 4ausaha tani aBuku ini berfokus pada metodologi penelitian dan analisis ekonomi yang dirancang khusus untuk memahami perilaku ekonomi serta mengoptimalkan pendapatan petani kecil (subsisten/semi-komersial).Berikut adalah beberapa struktur bab dan materi penting di dalamnya:Pendahuluan Usahatani: Membahas karakteristik unik sistem usahatani berskala kecil dan tantangan yang dihadapi di negara berkembang.Sumber Data: Cara mengumpulkan data sosial-ekonomi pertanian di lapangan secara akurat.Analisis Data Sederhana: Teknik mengolah data penerimaan, biaya, keuntungan, dan efisiensi alokasi sumber daya usahatani.Perencanaan Usahatani: Metode menyusun pola tanam dan kombinasi usaha agar petani mendapatkan keuntungan maksimal dengan risiko minimal.Analisis Anggaran Parsial: Alat evaluasi cepat untuk melihat dampak perubahan teknologi baru atau pergeseran input terhadap pendapatan. a2022/HD/0503